000
00327nam a22001337a 4500
008
171025b xxu||||| |||| 00| 0 eng d
020
_a
9780470018569
041
_a
eng
080
_2
3 ED
_a
33
100
_a
54
101
_a
ECO
245
_a
ESENTIALS MATHEMATICS FOR ECONOMICS AND BUSINESS
_c
BRADLEY.T
942
_2
udc
_c
BK
999
_c
35890
_d
35890